[Event "European Rapid 2014"]
[Site "Wroclaw POL"]
[Date "2014.12.20"]
[Round "3.48"]
[White "Reimanis, Ritvars"]
[Black "Kosyrev, Vladimir"]
[Result "1/2-1/2"]
[BlackTitle "GM"]
[WhiteElo "2210"]
[BlackElo "2520"]
[WhiteFideId "11602988"]
[BlackFideId "4122259"]
[EventDate "2014.12.20"]

1. d4 e6 2. c4 Nf6 3. Nc3 d5 4. cxd5 Nxd5 5. e4 Nxc3 6. bxc3 c5 7. Nf3 cxd4 8.
cxd4 Bb4+ 9. Bd2 Bxd2+ 10. Qxd2 O-O 11. Be2 b6 12. O-O Bb7 13. Qe3 Nc6 14. Rac1
Qe7 15. Bb5 Rac8 16. Bxc6 Bxc6 17. Rc3 Bb7 18. Rfc1 h6 19. Nd2 Qd7 20. Rxc8 Rxc8
21. Rxc8+ Qxc8 22. f3 Qc1+ 23. Kf2 Qb2 24. a3 a5 25. Kg3 b5 26. Qf4 Bc6 27. Qc7
Qxd2 28. Qxc6 Qxd4 29. Qa8+ Kh7 30. Qxa5 Qe5+ 31. Kf2 1/2-1/2

[Event "European Rapid 2014"]
[Site "Wroclaw POL"]
[Date "2014.12.20"]
[Round "3.49"]
[White "Alekseenko, Kirill"]
[Black "Kreyssig, Robert"]
[Result "1-0"]
[WhiteTitle "FM"]
[WhiteElo "2499"]
[BlackElo "2206"]
[WhiteFideId "4135539"]
[BlackFideId "4662881"]
[EventDate "2014.12.20"]

1. e4 c5 2. Nf3 e6 3. d4 cxd4 4. Nxd4 a6 5. Nc3 Qc7 6. Be2 Nf6 7. O-O Be7 8. f4
d6 9. Qe1 Nc6 10. Be3 b5 11. Nxc6 Qxc6 12. e5 Nd5 13. Nxd5 exd5 14. Bd3 d4 15.
Bxd4 Bb7 16. Qg3 O-O-O 17. Rae1 Kb8 18. c3 Bh4 19. Qh3 Bxe1 20. Rxe1 Rhe8 21.
Be4 Qd7 22. Qxh7 Bxe4 23. Qxe4 Qb7 24. Qf5 g6 25. Qg5 dxe5 26. fxe5 Qd5 27. Qf4
Ka8 28. Rf1 Rd7 29. Qf6 Qe6 30. Qf3+ Kb8 31. a3 Rc8 32. Qe3 Qd5 33. Qh3 Kb7 34.
Qe3 Rc6 35. h3 Re6 36. Qh6 Rc6 37. a4 b4 38. Qf8 b3 39. Rf4 a5 40. Qa3 Ka8 41.
Qa1 Kb7 42. Qf1 Qc4 43. Qf3 Kc8 44. Rh4 Qd5 45. Qf4 Kb7 46. Kh2 g5 47. Qxg5 Rg6
48. Qd2 Qxe5+ 49. Kh1 Qd5 50. Rh6 Rxh6 51. Qxh6 Rd6 52. Qf8 Rg6 53. Qe7+ Kc8 54.
Qe8+ Kb7 55. Qe7+ Kc8 56. Qe2 Re6 57. Qf1 Rg6 58. Kg1 Kb7 59. Kh2 Qd6+ 60. Kh1
Qd5 61. Kg1 Rg8 62. Qe2 Rg6 63. h4 Re6 64. Qf1 f5 65. h5 Rh6 66. Qe1 Re6 67. Qg3
Qe4 68. Kh2 f4 69. Qg7+ Re7 70. Qf6 f3 71. gxf3 Qe2+ 72. Kg3 Qe1+ 73. Kg4 Re6
74. Qf7+ Kc6 75. Kf5 Re7 76. Qc4+ Kd7 77. Qd5+ Ke8 78. Qc6+ Kf8 79. Bc5 Qe5+ 80.
Kg4 Qg7+ 81. Qg6 1-0

[Event "European Rapid 2014"]
[Site "Wroclaw POL"]
[Date "2014.12.20"]
[Round "3.50"]
[White "Kukula, Pawel"]
[Black "Jaracz, Pawel"]
[Result "0-1"]
[BlackTitle "GM"]
[WhiteElo "2256"]
[BlackElo "2503"]
[WhiteFideId "1115081"]
[BlackFideId "1102222"]
[EventDate "2014.12.20"]

1. d4 Nf6 2. Nf3 e6 3. Nbd2 c5 4. e3 b6 5. Bd3 Bb7 6. O-O Nc6 7. c3 d5 8. Qe2
Bd6 9. dxc5 Bxc5 10. e4 Qc7 11. exd5 Nxd5 12. Ne4 Be7 13. g3 O-O 14. a3 Rad8 15.
c4 Nf6 16. Bf4 e5 17. Bg5 Nxe4 18. Bxe4 Bxg5 19. Nxg5 g6 20. Qe3 Nd4 21. Bxb7
Qxb7 22. Qe4 Qe7 23. f4 Nb3 24. Rae1 Nd2 25. Qxe5 Qxe5 26. fxe5 Nxf1 27. Kxf1
Rd2 28. Re2 Rxe2 29. Kxe2 Re8 30. Nf3 f6 0-1

[Event "European Rapid 2014"]
[Site "Wroclaw POL"]
[Date "2014.12.20"]
[Round "3.51"]
[White "Warakomski, Tomasz"]
[Black "Dorokhin, Mykhailo"]
[Result "1-0"]
[WhiteTitle "IM"]
[WhiteElo "2456"]
[BlackElo "2243"]
[WhiteFideId "1124552"]
[BlackFideId "14114178"]
[EventDate "2014.12.20"]

1. e4 c6 2. d4 d5 3. exd5 cxd5 4. c4 Nf6 5. Nc3 e6 6. Nf3 Bb4 7. Bg5 Qa5 8. Bd2
Ne4 9. Nxe4 dxe4 10. a3 Bxd2+ 11. Qxd2 Qb6 12. Ng5 f5 13. c5 Qc6 14. Bc4 h6 15.
Nh3 b6 16. Nf4 O-O 17. O-O Kh7 18. Rac1 Rd8 19. Ba2 e5 20. cxb6 Qb7 21. Bd5 Rxd5
22. Nxd5 Qxd5 23. Rxc8 axb6 24. Rd1 Qb7 25. Qc3 exd4 26. Rxd4 Ra5 27. Rc7 Qa6
28. Rxg7+ Kxg7 29. Rd7+ Kg6 30. Rg7+ 1-0

[Event "European Rapid 2014"]
[Site "Wroclaw POL"]
[Date "2014.12.20"]
[Round "3.52"]
[White "Pultinevicius, Paulius"]
[Black "Loginov, Valery A"]
[Result "0-1"]
[BlackTitle "GM"]
[WhiteElo "2093"]
[BlackElo "2486"]
[WhiteFideId "12809390"]
[BlackFideId "4126297"]
[EventDate "2014.12.20"]

1. e4 c5 2. Ne2 Nc6 3. Nbc3 Nf6 4. g3 g6 5. Bg2 Bg7 6. O-O O-O 7. d3 e5 8. Be3
d6 9. h3 Be6 10. Qd2 Qd7 11. Kh2 Nd4 12. f4 Nxe2 13. Nxe2 exf4 14. gxf4 Nh5 15.
f5 Be5+ 16. Kh1 gxf5 17. Bh6 fxe4 18. Qg5+ Ng7 19. Rf6 Bxf6 20. Qxf6 Nf5 21.
Bxe4 Nxh6 22. Rg1+ Ng4 23. hxg4 Rfe8 24. Bxh7+ Kxh7 25. Rg3 Kg8 26. Rh3 Bd5+ 27.
Kg1 Qxg4+ 28. Rg3 Qxg3+ 29. Nxg3 Re6 30. Qg5+ Rg6 31. Qxd5 Rxg3+ 32. Kf2 Rg6 33.
Qxb7 Re8 34. Qxa7 Rf6+ 35. Kg3 Kh7 36. Qd7 Rg8+ 37. Kh2 Rh6+ 0-1

[Event "European Rapid 2014"]
[Site "Wroclaw POL"]
[Date "2014.12.20"]
[Round "3.53"]
[White "Dourerassou, Jonathan"]
[Black "Cukrowski, Filip"]
[Result "1/2-1/2"]
[WhiteTitle "IM"]
[WhiteElo "2469"]
[BlackElo "2196"]
[WhiteFideId "628050"]
[BlackFideId "1171097"]
[EventDate "2014.12.20"]

1. e4 c5 2. Nf3 Nc6 3. d4 cxd4 4. Nxd4 Qb6 5. Nb3 Nf6 6. Nc3 e6 7. Be3 Qc7 8.
Bd3 a6 9. a4 d6 10. a5 Bd7 11. Na4 Rc8 12. Nb6 Rd8 13. O-O Be7 14. f4 O-O 15.
Qf3 Nb4 16. Rac1 Bc6 17. Bd2 d5 18. e5 Ne4 19. Be3 f6 20. Nd4 Nc5 21. Qh3 f5 22.
Be2 Bd7 23. c4 Bc6 24. cxd5 Nxd5 25. Nxd5 Rxd5 26. b4 Rxd4 27. Bxd4 Ne4 28. Bc4
Qd7 29. Rfd1 Bd5 30. Qb3 Qb5 31. Bxd5 exd5 32. Bb6 Qe2 33. Qxd5+ Kh8 34. Qd3 Qb2
35. Qd4 Qe2 36. Qe3 Qb2 37. Rb1 Qa2 38. Qb3 Qe2 39. Qe6 Bh4 40. Kh1 Nc3 41. Qd6
Rg8 42. Rbc1 Nxd1 43. Qxd1 Qe4 44. Qd4 Qe2 45. Qc3 Bd8 46. Re1 Qb5 47. Bc5 Bh4
48. g3 Qc6+ 49. Kg1 Be7 50. Qd4 Rd8 51. Qe3 Bxc5 52. Qxc5 Qe6 53. Qb6 Qc8 54. e6
h6 55. Qc5 Qxc5+ 56. bxc5 Kg8 57. Rb1 Re8 58. Rxb7 Rxe6 59. Rb6 Kf7 60. Kf2 Ke7
61. c6 Re4 62. Rxa6 Kd6 63. Ra7 g5 64. c7 Kd7 65. fxg5 hxg5 66. h3 Kc8 67. a6
Ra4 68. Ke3 Ra3+ 69. Kd4 f4 70. gxf4 gxf4 71. Ra8+ Kxc7 72. a7 Ra4+ 73. Kd3 Kb7
74. Rh8 Kxa7 75. h4 f3 76. Ke3 Rf4 77. Kf2 Kb7 78. h5 Rf5 79. h6 Rf6 80. Rh7+
Kb6 81. Rh8 Kb7 82. h7 Rh6 83. Kxf3 Ka7 84. Kg4 Rh1 85. Kf5 Rf1+ 86. Ke6 Re1+
87. Kf5 Rf1+ 88. Ke4 Re1+ 89. Kf3 Rh1 90. Kg2 Rh6 91. Kg3 Kb7 92. Kf4 Ka7 93.
Kf5 Rh1 94. Ke4 1/2-1/2

[Event "European Rapid 2014"]
[Site "Wroclaw POL"]
[Date "2014.12.20"]
[Round "3.54"]
[White "Podvin, Francois-xavier"]
[Black "Czakon, Jakub"]
[Result "0-1"]
[BlackTitle "IM"]
[WhiteElo "2181"]
[BlackElo "2479"]
[WhiteFideId "677540"]
[BlackFideId "1120840"]
[EventDate "2014.12.20"]

1. e4 d5 2. exd5 Qxd5 3. Nc3 Qd8 4. d4 Nf6 5. Nf3 Bg4 6. h3 Bxf3 7. Qxf3 c6 8.
Qd3 e6 9. g3 Nbd7 10. Bg2 Be7 11. O-O O-O 12. Be3 Qc7 13. Rad1 Rfd8 14. Qe2 Nb6
15. Ne4 Nbd5 16. c3 Nxe4 17. Bxe4 Bf6 18. Qf3 Rd7 19. Bc1 Rad8 20. Rfe1 Qa5 21.
a3 Nb6 22. Bc2 Qd5 23. Kg2 Nc8 24. Be4 Qb3 25. Qh5 g6 26. Qf3 Be7 27. h4 Nd6 28.
h5 Nxe4 29. Rxe4 Qd5 30. hxg6 hxg6 31. Rh1 Bf8 32. Reh4 Bg7 33. Bh6 Bf6 34. Rf4
Bh8 35. Qxd5 Rxd5 36. Re4 Bf6 37. Bc1 b5 38. g4 a5 39. Be3 Be7 40. Re5 Rxe5 41.
dxe5 Rd5 42. f4 g5 43. Kf3 gxf4 44. Bxf4 c5 45. Ke4 Kg7 46. Bh6+ Kg6 47. Bf4 Kg7
48. Bh6+ Kg8 49. Bf4 Bf8 50. Rg1 Bg7 51. Rh1 c4 52. Rf1 Kh7 53. Rf2 Rd1 54. Rd2
Rb1 55. Kd4 Bf8 56. Rf2 Rg1 57. g5 Rd1+ 58. Ke4 Kg6 59. Rh2 Bg7 60. Rg2 Re1+ 61.
Kd4 Bf8 62. Bd2 Rb1 63. Be3 Rd1+ 64. Ke4 Re1 65. Kd4 Bg7 66. Bf4 Rd1+ 67. Ke4
Re1+ 68. Be3 Bxe5 69. Kxe5 Rxe3+ 70. Kd4 Rf3 71. a4 Rd3+ 72. Kc5 Rd5+ 0-1

[Event "European Rapid 2014"]
[Site "Wroclaw POL"]
[Date "2014.12.20"]
[Round "3.55"]
[White "Kantans, Toms"]
[Black "Lewicki, Miroslaw"]
[Result "0-1"]
[WhiteTitle "IM"]
[BlackTitle "CM"]
[WhiteElo "2447"]
[BlackElo "2208"]
[WhiteFideId "11602945"]
[BlackFideId "1113380"]
[EventDate "2014.12.20"]

1. c4 Nf6 2. g3 e6 3. Bg2 d5 4. Nf3 Be7 5. O-O O-O 6. d4 b6 7. Nc3 Bb7 8. Ne5
Na6 9. Bg5 h6 10. Bxf6 Bxf6 11. cxd5 exd5 12. Qa4 Bxe5 13. dxe5 Nc5 14. Qd4 c6
15. f4 Qe7 16. Rad1 Rad8 17. Qb4 Qc7 18. Na4 Nxa4 19. Qxa4 c5 20. Rd2 Rd7 21.
Rfd1 Rfd8 22. e3 Bc6 23. Qc2 Bb7 24. Qf5 Qc6 25. g4 g6 26. Qd3 Qe6 27. Qe2 Bc6
28. h4 g5 29. Qf3 gxh4 30. Kh2 Kh8 31. g5 Qg6 32. gxh6 Rg8 33. Bh3 d4 34. Qf2
dxe3 35. Qxe3 Rxd2+ 36. Rxd2 Qb1 37. Bg2 Rg3 0-1

[Event "European Rapid 2014"]
[Site "Wroclaw POL"]
[Date "2014.12.20"]
[Round "3.56"]
[White "Berzinsh, Roland"]
[Black "Machan, Jan"]
[Result "1-0"]
[WhiteTitle "IM"]
[WhiteElo "2395"]
[BlackElo "2240"]
[WhiteFideId "11600357"]
[BlackFideId "334774"]
[EventDate "2014.12.20"]

1. e4 c6 2. d4 d5 3. e5 c5 4. dxc5 Nc6 5. Nf3 Bg4 6. c3 e6 7. Be3 Nge7 8. Nbd2
Ng6 9. Qa4 Bxf3 10. Nxf3 Be7 11. Bb5 Qc7 12. O-O O-O 13. Bxc6 bxc6 14. Rfe1 f6
15. exf6 Rxf6 16. Qg4 e5 17. Bg5 Rf7 18. Bxe7 Rxe7 19. Nh4 Nxh4 20. Qxh4 Rf8 21.
Re3 Ref7 22. f3 Rf4 23. Qe1 R4f5 24. Qe2 e4 25. fxe4 dxe4 26. Rxe4 Rxc5 27. Rf1
Rxf1+ 28. Qxf1 Qd7 29. Qe2 h6 30. Re8+ Kh7 31. Qc2+ Qf5 32. Qxf5+ Rxf5 33. Re4
Rb5 34. b4 Rd5 35. a4 Kg6 36. Re6+ Kf5 37. Rxc6 Rd7 38. Kf2 Ke4 39. Rc4+ Kd3 40.
Rc6 Rf7+ 41. Kg3 Ke4 42. h4 Kd5 43. Rc5+ Ke4 44. h5 Re7 45. a5 Rb7 46. Rc6 Kd5
47. Rc5+ Kd6 48. Kf4 Ke6 49. Ke4 Kd6 50. Kd4 Rf7 51. Rd5+ Kc6 52. b5+ Kb7 53.
Kc5 Rc7+ 54. Kb4 Rf7 55. g4 Re7 56. c4 Kc7 57. Rf5 Kb7 58. a6+ Kc7 59. Kc5 Rd7
60. Rf8 Re7 61. Ra8 Re5+ 62. Kd4 Rg5 63. Rxa7+ Kb8 64. Rb7+ Ka8 65. Rf7 Rxg4+
66. Kc5 g6 67. Kb6 Rf4 68. Rxf4 1-0

[Event "European Rapid 2014"]
[Site "Wroclaw POL"]
[Date "2014.12.20"]
[Round "3.57"]
[White "Decosse, Jean-Fabien"]
[Black "Duda, Jan-Krzysztof"]
[Result "0-1"]
[WhiteTitle "CM"]
[BlackTitle "GM"]
[WhiteElo "2203"]
[BlackElo "2603"]
[WhiteFideId "622583"]
[BlackFideId "1170546"]
[EventDate "2014.12.20"]

1. d4 d5 2. c4 e6 3. Nc3 c6 4. Nf3 Nf6 5. cxd5 exd5 6. Bg5 Be7 7. e3 Bf5 8. Bd3
Bxd3 9. Qxd3 Nbd7 10. O-O O-O 11. Rab1 Ne4 12. Bxe7 Qxe7 13. b4 a6 14. a4 Nb6
15. a5 Nxc3 16. Qxc3 Nc4 17. Nd2 Nd6 18. Nb3 Rae8 19. Nc5 h5 20. Rbe1 h4 21. f3
Rd8 22. Qd3 Rfe8 23. Re2 g6 24. Rd1 Qg5 25. Rde1 Re7 26. e4 dxe4 27. Nxe4 Nxe4
28. Rxe4 h3 29. g3 Red7 30. Qc3 Qf6 31. Rd1 Rd5 32. Kf2 Kg7 33. Rd2 Qd6 34. Ke3
Qf6 35. Kf2 R8d6 36. Rd3 Rf5 37. Qd2 Re6 38. Rxe6 Qxe6 39. Re3 Qd5 40. Rd3 g5
41. g4 Rf4 42. Kg3 f5 43. gxf5 Qxf5 44. Qe3 Kh6 45. d5 cxd5 46. Qb6+ Kh5 47. Qe3
Qf7 48. Qe5 d4 49. Qh8+ Kg6 50. Qe5 Qa2 51. Kxh3 Rh4+ 0-1

[Event "European Rapid 2014"]
[Site "Wroclaw POL"]
[Date "2014.12.20"]
[Round "3.58"]
[White "Pakleza, Zbigniew"]
[Black "Jaroch, Karol"]
[Result "1-0"]
[WhiteTitle "IM"]
[WhiteElo "2498"]
[BlackElo "2159"]
[WhiteFideId "1119290"]
[BlackFideId "1130609"]
[EventDate "2014.12.20"]

1. d4 e6 2. Nf3 Nf6 3. Bf4 Be7 4. h3 O-O 5. e3 b6 6. Bd3 Bb7 7. Nbd2 c5 8. c3
Nc6 9. O-O Re8 10. Bg3 d6 11. Qe2 Bf8 12. a3 e5 13. dxe5 dxe5 14. e4 Nh5 15. Bc4
Qc8 16. Bh2 Nf4 17. Qe3 Ng6 18. Ng5 Re7 19. Qf3 Qc7 20. Qh5 h6 21. Nxf7 Rxf7 22.
Qxg6 Rd8 23. Nf3 b5 24. Bxf7+ Qxf7 25. Qxf7+ Kxf7 26. Nxe5+ Nxe5 27. Bxe5 Bxe4
28. Rad1 Bd3 29. Rfe1 c4 30. Bd4 a6 31. Re3 Bd6 32. Rde1 a5 33. Bb6 Ra8 34. Rf3+
Kg8 35. Re6 Bf8 36. Re5 b4 37. a4 bxc3 38. bxc3 Bc2 39. Rxa5 Rc8 40. Ra7 Re8 41.
Re3 Rc8 42. a5 Bd6 43. Re6 Rc6 44. Re8+ 1-0

[Event "European Rapid 2014"]
[Site "Wroclaw POL"]
[Date "2014.12.20"]
[Round "3.59"]
[White "Teglas, Balazs"]
[Black "Georgiadis, Nico"]
[Result "0-1"]
[BlackTitle "IM"]
[WhiteElo "2252"]
[BlackElo "2465"]
[WhiteFideId "727130"]
[BlackFideId "1300113"]
[EventDate "2014.12.20"]

1. d4 Nf6 2. Bf4 d5 3. e3 c5 4. c3 Nc6 5. Nd2 Bf5 6. Qb3 Qd7 7. Ngf3 c4 8. Qd1
e6 9. h3 h6 10. Be2 Bd6 11. Ne5 Qc7 12. Ndf3 O-O 13. O-O Nd7 14. Nxd7 Qxd7 15.
Ne5 Qc7 16. Nxc6 Bxf4 17. Ne7+ Qxe7 18. exf4 b5 19. Qd2 a5 20. a3 Rfb8 21. Rfe1
b4 22. axb4 axb4 23. Rxa8 Rxa8 24. Bg4 bxc3 25. bxc3 Qf6 26. g3 Ra3 27. Kh2 Be4
28. h4 Qd8 29. Rc1 Qa5 30. Qe3 Ra2 31. Bf3 Bd3 32. h5 Qa3 33. Bg4 Rxf2+ 34. Qxf2
Qxc1 35. Qa2 Qxc3 36. Qa8+ Kh7 0-1

[Event "European Rapid 2014"]
[Site "Wroclaw POL"]
[Date "2014.12.20"]
[Round "3.60"]
[White "Matnadze, Ana"]
[Black "Berzinsh, Ivars"]
[Result "0-1"]
[WhiteTitle "IM"]
[WhiteElo "2411"]
[BlackElo "2181"]
[WhiteFideId "13601377"]
[BlackFideId "11600764"]
[EventDate "2014.12.20"]

1. d4 Nf6 2. Nf3 e6 3. c4 Bb4+ 4. Bd2 Qe7 5. Nc3 b6 6. e3 Bb7 7. Bd3 O-O 8. Qc2
d5 9. cxd5 exd5 10. Ne5 Nbd7 11. Nxd7 Qxd7 12. O-O Rfe8 13. Rac1 a5 14. a3 Bf8
15. f3 g6 16. a4 Bh6 17. Rfe1 Re6 18. Nd1 c6 19. Qb3 Ba6 20. Nf2 Qa7 21. Bxa6
Qxa6 22. Qd3 Qxd3 23. Nxd3 Nd7 24. Kf2 Kf8 25. h4 Ke7 26. g4 Kd6 27. g5 Bg7 28.
f4 Nf8 29. Ne5 Bxe5 30. fxe5+ Kd7 31. Ke2 Ke8 32. Rf1 Ra7 33. Kd3 Nd7 34. b3 c5
35. Rc2 Rc6 36. e4 dxe4+ 37. Kxe4 Re6 38. Be3 cxd4 39. Rc8+ Ke7 40. Rc2 0-1

[Event "European Rapid 2014"]
[Site "Wroclaw POL"]
[Date "2014.12.20"]
[Round "3.61"]
[White "Tworzydlo, Piotr"]
[Black "Gdanski, Jacek"]
[Result "0-1"]
[BlackTitle "GM"]
[WhiteElo "2133"]
[BlackElo "2500"]
[WhiteFideId "1130781"]
[BlackFideId "1100106"]
[EventDate "2014.12.20"]

1. e4 e6 2. d4 d5 3. Nd2 c5 4. exd5 exd5 5. Ngf3 Nc6 6. dxc5 Bxc5 7. Be2 Nf6 8.
O-O Bb6 9. c3 O-O 10. Nb3 Ne4 11. Nbd4 Bg4 12. Bf4 Re8 13. h3 Bh5 14. Re1 Qf6
15. Be3 Rad8 16. a4 h6 17. Bb5 Ng5 18. Be2 Bxf3 19. Bxf3 Bxd4 20. cxd4 Nxf3+ 21.
Qxf3 Qxf3 22. gxf3 Nb4 23. Re2 Rc8 24. Ra3 Nc2 25. Rc3 Rxc3 26. bxc3 Na3 27. Rb2
Re7 28. Bf4 Rd7 29. Rb3 Nc4 30. Rb5 f6 31. Rc5 g5 32. Bg3 Kf7 33. f4 Nd2 34.
fxg5 hxg5 35. Rc8 Ne4 36. Kg2 Ke6 37. Bh2 Rh7 38. f3 Nd2 39. Bg3 Nc4 40. Re8+
Kf5 41. Rf8 Ne3+ 42. Kf2 Nd1+ 43. Ke1 Nxc3 44. a5 Rxh3 45. Bb8 a6 46. Rf7 Rxf3
47. Rxb7 Ke4 48. Rb6 g4 49. Rxa6 g3 50. Bxg3 Rxg3 51. Rxf6 Kxd4 52. Rc6 Ne4 0-1

[Event "European Rapid 2014"]
[Site "Wroclaw POL"]
[Date "2014.12.20"]
[Round "3.62"]
[White "Stachowiak, Kamil"]
[Black "Polok, Kacper"]
[Result "1-0"]
[WhiteTitle "IM"]
[WhiteElo "2449"]
[BlackElo "2228"]
[WhiteFideId "1119966"]
[BlackFideId "1137158"]
[EventDate "2014.12.20"]

1. d4 e6 2. c4 f5 3. g3 Nf6 4. Bg2 c6 5. Nh3 d5 6. O-O Bd6 7. Bf4 Be7 8. Bxb8
Rxb8 9. Qc2 O-O 10. Nf4 Ne4 11. Nd2 Bf6 12. Nf3 Bd7 13. Nd3 Rc8 14. Rad1 b5 15.
c5 Qe7 16. Nfe5 Be8 17. a4 a6 18. axb5 axb5 19. Ra1 f4 20. Bxe4 dxe4 21. Nxf4
Bxe5 22. dxe5 g5 23. Ng2 Bg6 24. Ne3 h5 25. Rad1 Qg7 26. Qc3 b4 27. Qxb4 Qxe5
28. Rd6 Bf5 29. Kg2 h4 30. Qc4 Rf6 31. b4 Rcf8 32. Rxc6 hxg3 33. hxg3 Kg7 34.
Rd6 Rh8 35. Rh1 Rxh1 36. Kxh1 Qa1+ 37. Rd1 Qa8 38. Kg1 Qh8 39. c6 e5 40. Nxf5+ 1-0

[Event "European Rapid 2014"]
[Site "Wroclaw POL"]
[Date "2014.12.20"]
[Round "3.63"]
[White "Scibior, Adam"]
[Black "Mkrtchian, Lilit"]
[Result "0-1"]
[BlackTitle "IM"]
[WhiteElo "2229"]
[BlackElo "2450"]
[WhiteFideId "1136801"]
[BlackFideId "13300601"]
[EventDate "2014.12.20"]

1. Nf3 d5 2. d4 Nf6 3. c4 e6 4. Nc3 Be7 5. Bg5 h6 6. Bh4 O-O 7. e3 b6 8. Rc1 Bb7
9. cxd5 Nxd5 10. Nxd5 Bxd5 11. Bxe7 Qxe7 12. Bc4 Bxf3 13. gxf3 Nd7 14. a3 c5 15.
f4 Rad8 16. dxc5 Nxc5 17. Qf3 Qf6 18. Qe2 Qg6 19. Kf1 Rd6 20. Rg1 Qf6 21. b4 Ne4
22. Bd3 Nc3 23. Qd2 Nd5 24. Qc2 Rfd8 25. Be4 e5 26. Bxd5 Rxd5 27. Qc3 Qf5 28.
Qc2 Qh3+ 29. Ke1 Qxh2 30. Rg3 exf4 31. exf4 Rd2 0-1

[Event "European Rapid 2014"]
[Site "Wroclaw POL"]
[Date "2014.12.20"]
[Round "3.64"]
[White "Varga, Klara"]
[Black "Mihok, Oliver"]
[Result "0-1"]
[WhiteTitle "WIM"]
[BlackTitle "IM"]
[WhiteElo "2126"]
[BlackElo "2464"]
[WhiteFideId "733210"]
[BlackFideId "728012"]
[EventDate "2014.12.20"]

1. c4 c5 2. Nc3 g6 3. g3 Bg7 4. Bg2 Nc6 5. e3 e5 6. Nge2 Nge7 7. O-O O-O 8. a3
d6 9. Rb1 a5 10. Nd5 Rb8 11. Nec3 Bd7 12. b4 axb4 13. axb4 Nxd5 14. Nxd5 Nxb4
15. Nxb4 cxb4 16. d4 b5 17. c5 exd4 18. exd4 dxc5 19. dxc5 Bc3 20. Bf4 Rc8 21.
Bd6 Bf5 22. Rc1 Re8 23. c6 Be4 24. Bxe4 Rxe4 25. c7 Qe8 26. Qd5 Rd4 27. Qc5 Rc4
28. Qg5 R4xc7 29. Bxc7 Rxc7 30. Rfe1 Bxe1 31. Rxc7 Bc3 32. Re7 Qd8 33. Qe3 Qd1+
34. Kg2 Qd5+ 35. f3 Kg7 36. h4 Bf6 37. Re8 b3 38. h5 gxh5 39. Re4 b2 40. Rb4 Qd1
41. Qb3 Qe2+ 42. Kh3 Qf1+ 43. Kh2 Qf2+ 44. Kh1 Qxg3 45. f4 Qe1+ 46. Kg2 Qe2+ 47.
Kh3 Qg4+ 48. Kh2 h4 49. Qh3 h5 50. Qg2 Kh6 51. Qxg4 hxg4 52. Rxb5 Bd4 53. Kg2
Kg6 54. Rg5+ Kf6 55. Rb5 Ke6 0-1

[Event "European Rapid 2014"]
[Site "Wroclaw POL"]
[Date "2014.12.20"]
[Round "3.65"]
[White "Socko, Monika"]
[Black "Juhasz, Barbara"]
[Result "1-0"]
[WhiteTitle "GM"]
[BlackTitle "WFM"]
[WhiteElo "2470"]
[BlackElo "2165"]
[WhiteFideId "1106619"]
[BlackFideId "743585"]
[EventDate "2014.12.20"]

1. d4 Nf6 2. c4 g6 3. Nc3 Bg7 4. e4 d6 5. f3 O-O 6. Be3 c5 7. dxc5 dxc5 8. Qxd8
Rxd8 9. Bxc5 Nc6 10. Nge2 Nd7 11. Be3 Nde5 12. Nf4 Nb4 13. Rd1 Nc2+ 14. Kf2 Rxd1
15. Nxd1 Nxe3 16. Nxe3 Nc6 17. b3 Bd4 18. Bd3 e6 19. Rd1 a5 20. Bc2 Rb8 21. Ke2
b6 22. Ng4 Kg7 23. Nf2 Ba6 24. Bd3 Bc5 25. Kf1 a4 26. Bb1 axb3 27. axb3 Na5 28.
Bc2 Nc6 29. Rd7 Kf8 30. N4d3 Bd4 31. Bd1 e5 32. Ng4 Kg7 33. Rd6 Nd8 34. Ngxe5
Bxe5 35. Nxe5 1-0

[Event "European Rapid 2014"]
[Site "Wroclaw POL"]
[Date "2014.12.20"]
[Round "3.66"]
[White "Meskovs, Nikita"]
[Black "Szumilas, Pawel"]
[Result "1-0"]
[WhiteTitle "FM"]
[WhiteElo "2452"]
[BlackElo "2163"]
[WhiteFideId "11602740"]
[BlackFideId "1127098"]
[EventDate "2014.12.20"]

1. e4 c5 2. Nf3 g6 3. c3 Bg7 4. g3 d5 5. exd5 Qxd5 6. Qe2 Bf5 7. Na3 Nc6 8. Bg2
Bd3 9. Nh4 Qd7 10. Qe3 Nf6 11. Qxc5 O-O 12. Nc4 Qe6+ 13. Ne3 Ne4 14. Qd5 Qxd5
15. Nxd5 e5 16. f3 Nc5 17. b4 Ne6 18. Bf1 e4 19. Bxd3 exd3 20. Rb1 Rfe8 21. Kf2
Ng5 22. Nf4 Ne5 23. Re1 h5 24. Rb3 b5 25. Re3 Red8 26. Nhg2 Rd7 27. Ne1 Rad8 28.
Rb1 Kf8 29. a4 a6 30. axb5 axb5 31. Ra1 Nh7 32. Ra6 g5 33. Nxh5 Nc4 34. Rxd3
Rxd3 35. Nxd3 Rxd3 36. Ra8+ Ke7 37. Nxg7 Nf6 38. Nf5+ Kd7 39. Ra7+ Ke8 40. Nd4 1-0

[Event "European Rapid 2014"]
[Site "Wroclaw POL"]
[Date "2014.12.20"]
[Round "4.1"]
[White "Kovalenko, Igor"]
[Black "Alekseenko, Kirill"]
[Result "1-0"]
[WhiteTitle "GM"]
[BlackTitle "FM"]
[WhiteElo "2653"]
[BlackElo "2499"]
[WhiteFideId "14117908"]
[BlackFideId "4135539"]
[EventDate "2014.12.20"]

1. c4 e5 2. g3 Nc6 3. Bg2 d6 4. Nc3 f5 5. Rb1 Nf6 6. b4 a6 7. a4 g6 8. b5 axb5
9. axb5 Ne7 10. Nf3 Bg7 11. Qb3 O-O 12. O-O Kh8 13. Bb2 h6 14. Ra1 Rb8 15. c5 b6
16. cxd6 cxd6 17. Ra7 g5 18. Ba3 Ng6 19. d3 f4 20. Nd2 g4 21. Qb4 Ne8 22. Nce4
d5 23. Nc3 Bb7 24. Qb3 Rf7 25. Rxb7 Rfxb7 26. Nxd5 Ra7 27. Nb4 Ne7 28. Nc4 Rc8
29. Bb2 Rc5 30. Na6 f3 31. exf3 Rd5 32. fxg4 Rxd3 33. Qc2 e4 34. Bxe4 Rdd7 35.
Bxg7+ Kxg7 36. Nb4 Rd4 37. Nc6 Nxc6 38. Bxc6 Re7 39. Ne3 Rd2 40. Nf5+ Kh7 41.
Qc3 Rc7 42. Qe3 Nf6 43. Qxh6+ Kg8 44. Qg6+ Kh8 45. g5 Nh7 46. h4 Qf8 47. Re1 Rd8
48. Nh6 Rg7 49. Qe4 Qc5 50. Qe5 Qxe5 51. Rxe5 Ra7 52. Kg2 Rf8 53. f4 Rd8 54. Kh3
Nf8 55. h5 Rd3 56. Re8 Kg7 57. Nf5+ Kg8 58. g6 1-0

[Event "European Rapid 2014"]
[Site "Wroclaw POL"]
[Date "2014.12.20"]
[Round "4.2"]
[White "Jaracz, Pawel"]
[Black "Vitiugov, Nikita"]
[Result "0-1"]
[WhiteTitle "GM"]
[BlackTitle "GM"]
[WhiteElo "2503"]
[BlackElo "2738"]
[WhiteFideId "1102222"]
[BlackFideId "4152956"]
[EventDate "2014.12.20"]

1. d4 Nf6 2. c4 e6 3. Nf3 d5 4. Nc3 Bb4 5. Qa4+ Nc6 6. Bg5 Bd7 7. Qc2 dxc4 8. e4
h6 9. Bd2 Bxc3 10. bxc3 b5 11. Be2 O-O 12. g4 Ne7 13. Ne5 c5 14. dxc5 Qc7 15.
Bf4 Qxc5 16. h4 Bc6 17. Nxc6 Qxc6 18. Bf3 Nd7 19. O-O-O Nc5 20. Rd6 Nd3+ 21. Kb1
Qc5 22. Bg3 e5 23. Rd7 Rfd8 24. Rxd8+ Rxd8 25. g5 hxg5 26. hxg5 b4 27. Be2 Nc6
28. g6 fxg6 29. Bg4 Kf7 30. Ka1 bxc3 31. Rb1 Ncb4 32. Qxc3 Qd4 0-1